00588 2200205 4500001002100000005001700021008004100038020002200079035002400101040001200125082001200137090001800149100002700167245006300194260004600257300002500303650002400328850001200352990001800364INLIS00000000002402220161107133610.0  a978-602-8946-05-6 0010-111600000000276 aYOPDYOG 223a398 aNUS 398 Bab K aBABANG ASRUL AMIN NST. aKisah telaga tujuh di Sarinembahc/ Babang Asrul Amin Nst. aMedanbBPAD Provinsi Sumatera Utarac2010 av, 42 hlm.c; 20 cm. aCerita Rakyat Dairi aYOPDYOG a45900-PD/A.13